00330cam a2200157u 4500001000800000005001700008008004100025010001700066040001900083041000800102080000800110082001200118100000700130101000800137245002700145872683320180111044108.0830118s1922 enk 000 0 eng  a 23002476  aDLCcCarPdDLC aeng a101 2101 ROU1 a24 aFIL10aPhilosophical studies,